Know It: Literature II Quiz Stats

 Plays Quiz Updated May 14, 2019

Score 0/30 Timer 02:00
0 Plays Today
Literary Work Author % Correct
The Adventures of Tom SawyerMark Twain
94.2%
Animal FarmGeorge Orwell
91.8%
War and PeaceLeo Tolstoy
91.1%
David CopperfieldCharles Dickens
90%
Wuthering HeightsEmily Brontë
86.6%
DraculaBram Stoker
82.1%
A Farewell to ArmsErnest Hemingway
79%
The Catcher in the RyeJ. D. Salinger
76.1%
The Three MusketeersAlexandre Dumas
75.5%
Of Mice and MenJohn Steinbeck
75%
Alice's Adventures in WonderlandLewis Carroll
72.7%
Little WomenLouisa May Alcott
68.5%
Don QuixoteMiguel de Cervantes
67.9%
One Hundred Years of SolitudeGabriel García Márquez
67.7%
Catch-22Joseph Heller
67.4%
Literary Work Author % Correct
The Call of the WildJack London
61.6%
Treasure IslandRobert Louis Stevenson
61.5%
The StrangerAlbert Camus
57.6%
The Hunchback of Notre DameVictor Hugo
57.3%
The CrucibleArthur Miller
55.1%
Robinson CrusoeDaniel Defoe
54.4%
Leaves of GrassWalt Whitman
54%
A Doll's HouseHenrik Ibsen
52.5%
The Sound and the FuryWilliam Faulkner
51.6%
Do Androids Dream of Electric Sheep?Philip K. Dick
42.3%
Vanity FairWilliam Makepeace Thackeray
41.7%
Things Fall ApartChinua Achebe
38.7%
Waiting for GodotSamuel Beckett
37.1%
The Rime of the Ancient MarinerSamuel Taylor Coleridge
37%
FaustJohann Wolfgang von Goethe
33.5%

You're not logged in!

Compare scores with friends on all Sporcle quizzes.
OR
Log In

Show Comments

Extras

Top Quizzes Today


Score Distribution

Your Account Isn't Verified!

In order to create a playlist on Sporcle, you need to verify the email address you used during registration. Go to your Sporcle Settings to finish the process.

Report this User

Report this user for behavior that violates our Community Guidelines.

Details: